| 000 | 01842nam a2200505 i 4500 | ||
|---|---|---|---|
| 001 | 9888 | ||
| 003 | KOSZ 005 | ||
| 005 | 20210427093712.0 | ||
| 008 | 020718s1977 pl a |000 0 pol | ||
| 015 | _aUWD 1978/6173 | ||
| 035 | _a991019022199705066 | ||
| 035 | _a(PL-WaBN)b15152819-48omnis_nlop | ||
| 035 | _ab15152819 | ||
| 035 | _a(OCoLC)830337144 | ||
| 035 | _a(PL)b0000001515281 | ||
| 035 | _a(EXLNZ-48OMNIS_NETWORK)9910203294805606 | ||
| 040 |
_aWA N _cWA N _dKOSZ 005/HR |
||
| 041 | 0 | _apol | |
| 046 | _k1977 | ||
| 080 | _a72.01 | ||
| 080 | _a(075.8) | ||
| 100 | 1 |
_aSzymski, Adam _d(1944- ) _eAutor |
|
| 245 | 1 | 0 |
_aPowstanie i rozwój architektury współczesnej, narodziny nowej tradycji. _nCz. 1, _pKu współczesności : podstawy i warunki przemian / _c[tekst i oprac. graf.] Adam Szymski ; red. naukowy Stanisław Latour. |
| 246 | 3 | 0 |
_aKu współczesności : _bpodstawy i warunki przemian |
| 250 | _aWyd. 2. | ||
| 260 |
_aSzczecin : _bPolitechnika Szczecińska, _c1977. |
||
| 300 |
_a149, [1] s., [26] k. tabl. : _bil., mapa ; _c24 cm. |
||
| 336 |
_aTekst _btxt _2rdacontent |
||
| 337 |
_aBez urządzenia pośredniczącego _bn _2rdamedia |
||
| 338 |
_aWolumin _bnc _2rdacarrier |
||
| 380 | _aKsiążki | ||
| 380 | _aPublikacje dydaktyczne | ||
| 385 |
_mPoziom nauczania _aSzkoły wyższe |
||
| 388 | _a1901-2000 | ||
| 388 | _a1945-1989 | ||
| 500 | _aTyt. cz. : Ku współczesności : podstawy i warunki przemian. | ||
| 504 | _aBibliogr. | ||
| 650 | 7 |
_aTeoria architektury _2DBN |
|
| 655 | 7 |
_aPodręczniki akademickie _2DBN |
|
| 658 | _aArchitektura i budownictwo | ||
| 700 | 1 |
_aLatour, Stanisław _d(1927-2007) _eRedakcja |
|
| 856 |
_uhttp://koha.tu.koszalin.pl/cgi-bin/koha/opac-detail.pl?biblionumber=9888 _yKatalog online BPK |
||
| 942 |
_2UKD _cKS |
||
| 999 |
_c9888 _d9888 |
||